| 000 | 00703nam a22002057a 4500 | ||
|---|---|---|---|
| 001 | 85230 | ||
| 003 | BD-RjUL | ||
| 005 | 20250717120637.0 | ||
| 008 | 250717s1961 pk ||||| |||| 00| 0 urd d | ||
| 035 | _a(BD-RjUL)85230 | ||
| 040 |
_aBD-RjUL _beng _cBD-RjUL |
||
| 041 | _aurd | ||
| 082 |
_223 _a891.439 _bQAH 1961 |
||
| 100 |
_a قادری زور ، سید محی الدین. ;; Qadri Zor, Syed Mohiuddin. _916081 |
||
| 245 | 1 | 0 |
_aہندوستانی لسانیات / Hindūstānī lisāniyāt / _cسید محی الدین قادری زور., Muḥīuddīn Qādrī Zor Sayyid |
| 260 |
_aLahore : _bMaktabah Muinul adab, _c1961 |
||
| 300 |
_a108 p. ; _c17 cm |
||
| 650 | _aLiterature | ||
| 942 |
_2ddc _cBK |
||
| 999 |
_c85230 _d85230 |
||